00595nam a2200169Ia 4500008004100000041001200041082001600053100001800069245007900087260004100166300000800207650001800215700001300233942000700246999001500253952015700268221030s9999 xx 000 0 und d aEnglish a105.23bGao aJ. D. Agarwal 0aQuantitative Techniques for Financial Analysiscby J. D. Agarwal, S. Ghosh bIndian Inst. of FinaceaMumbaic1997 a579 aBE Management aS. Ghosh cBK c2254d2254 pBE 1016g175.00h2l0o105.23 Gaor2024-06-13 00:00:00w2022-10-30yBK003Print4070aMIETLIBbMIETLIBcBL-, FL-, CUP-39, SH-2, R-2d2000-02-0910HBE